Detalles MARC
| 000 -CABECERA |
| campo de control de longitud fija |
01495nam a2200265 i 4500 |
| 003 - IDENTIFICADOR DEL NÚMERO DE CONTROL |
| campo de control |
DO-SdBNP |
| 005 - FECHA Y HORA DE LA ÚLTIMA TRANSACCIÓN |
| campo de control |
20260515161938.0 |
| 007 - CAMPO FIJO DE DESCRIPCIÓN FÍSICA--INFORMACIÓN GENERAL |
| campo de control de longitud fija |
ta |
| 008 - DATOS DE LONGITUD FIJA--INFORMACIÓN GENERAL |
| campo de control de longitud fija |
260515e2021 ¿dra|||gr|||||||| ||spa d |
| 020 ## - NÚMERO INTERNACIONAL ESTÁNDAR DEL LIBRO |
| Número Internacional Estándar del Libro |
9789945301236. |
| 040 ## - FUENTE DE LA CATALOGACIÓN |
| Centro catalogador/agencia de origen |
DO-SdBNP |
| Lengua de catalogación |
spa |
| Centro/agencia transcriptor |
BNPHU |
| Normas de descripción |
rda |
| 041 ## - CÓDIGO DE LENGUA |
| Código de lengua del texto/banda sonora o título independiente |
spa |
| 082 ## - NÚMERO DE LA CLASIFICACIÓN DECIMAL DEWEY |
| Número de edición |
V145a 2021 |
| Número de documento/Ítem |
22 |
| 100 ## - ENTRADA PRINCIPAL--NOMBRE DE PERSONA |
| Nombre de persona |
Valdez, Milton Fredy |
| Término indicativo de función/relación |
autor |
| 9 (RLIN) |
89611 |
| 245 10 - MENCIÓN DE TÍTULO |
| Título |
Arqueología del feminicidio : |
| Resto del título |
estudio en República Dominicana / |
| Mención de responsabilidad, etc. |
Milton Fredy Valdez. |
| 264 #1 - PRODUCCIÓN, PUBLICACIÓN, DISTRIBUCIÓN, FABRICACIÓN Y COPYRIGHT |
| Producción, publicación, distribución, fabricación y copyright |
Santo Domingo, República Dominicana : |
| Nombre del de productor, editor, distribuidor, fabricante |
Milton Fredy Valdez, |
| Fecha de producción, publicación, distribución, fabricación o copyright |
2021. |
| 300 ## - DESCRIPCIÓN FÍSICA |
| Extensión |
volumen : |
| Otras características físicas |
ilustraciones, tablas ; |
| Dimensiones |
22 x 15 cm. |
| 336 ## - TIPO DE CONTENIDO |
| Término de tipo de contenido |
texto |
| Código de tipo de contenido |
txt |
| Fuente |
rdacontent |
| 337 ## - TIPO DE MEDIO |
| Nombre/término del tipo de medio |
sin mediación |
| Código del tipo de medio |
n |
| Fuente |
rdamedia |
| 338 ## - TIPO DE SOPORTE |
| Nombre/término del tipo de soporte |
volumen |
| Código del tipo de soporte |
nc |
| Fuente |
rdacarrier |
| 520 ## - SUMARIO, ETC. |
| Sumario, etc. |
En Arqueología del Feminicidio se explica de forma clara y precisa, qué sucede en la mente del sujeto feminicida. Según Schopenhauer: “Por naturaleza, el egoísmo no tiene límites. El hombre tiene sólo un deseo absoluto: conservar su existencia, librarse del dolor y de toda privación. Lo que quiere es el mayor bienestar, la posesión de todos los goces que puede imaginar, los cuales cambia y desarrolla de manera incesante. Por otro lado, existe un prototipo conductual en la mujer según Klein que incita de forma inconsciente el sadismo en el hombre. Y en ese sentido se produce una relación simbiótica. |
| 590 ## - NOTA LOCAL (RLIN) |
| Nota local |
Inventariado, 2026/WG. |
| 650 #0 - PUNTO DE ACCESO ADICIONAL DE MATERIA--TÉRMINO DE MATERIA |
| Término de materia o nombre geográfico como elemento de entrada |
Psicología social |
| 9 (RLIN) |
1574 |
| Subdivisión geográfica |
República Dominicana |
| 942 ## - ELEMENTOS DE PUNTO DE ACCESO ADICIONAL (KOHA) |
| Fuente del sistema de clasificación o colocación |
Dewey Decimal Classification |
| Tipo de ítem Koha |
Libro |